000 00705nam a2200277Ia 4500
005 20260401122255.0
008 008 250103s9999 xx 000 0 eng d
020 _a0-8109-0032-7
037 _aTB
040 _aEDL
040 _beng
040 _cEDL
041 _2eng
041 _aeng
084 _a759.04 HEL RR
084 _qEDL
100 _aHeld, Julius S.
_91233096
245 0 _aSeventeenth and Eighteenth Century Art: Baroque Painting, Sculpture, Architecture
245 0 _cHeld, Julius S.
260 _aNew York
260 _bHarry N.Abrams Inc. Publishers
942 _cTB
942 _h759.04 HEL RR
999 _c1846119
_d1846119